LEADER 01085nam a2200253 i 4500 001 991003197779707536 005 20020509113904.0 008 010704s1976 it ||| | ita 035 $ab11123941-39ule_inst 035 $aPARLA177034$9ExL 040 $aDip.to Filosofia$bita 082 0 $a193 100 1 $aVolpi, Franco$0298385 245 10$aHeidegger e Brentano :$bl'aristotelismo e il problema dell'univocità dell'essere nella formazione filosofica del giovane Martin Heidegger /$cFranco Volpi 260 $aPadova :$bCEDAM,$c1976 300 $a140 cm. ;$c24 cm. 490 0 $aPubblicazioni della Scuola di perfezionamento in filosofia dell'Università di Padova. Quaderni di storia della filosofia ;$v7 650 4$aHeidegger, Martin$xInflussi di Franz Brentano 907 $a.b11123941$b23-02-17$c28-06-02 912 $a991003197779707536 945 $aLE005IF XXXII E 52$g1$i2005000270260$lle005$o-$pE0.00$q-$rl$s- $t0$u1$v1$w1$x0$y.i11262059$z28-06-02 996 $aHeidegger e Brentano$9472653 997 $aUNISALENTO 998 $ale005$b01-01-01$cm$da $e-$fita$git $h0$i1